Serie TV - Dexter - Statistiques

Statistiques générales
  • Ce quiz a été pris 1 009 fois
  • Le résultat moyen est 14 sur 15
Statistiques - réponses
Question Réponse % Correct
Où se déroule la série ? Miami
98%
Quel agent de police s'est toujours méfié de Dexter James Doakes
97%
Le tueur de glace était en réalité : Le frère de Dexter
97%
Quel est le travail de Dexter Morgan ? Expert médico-légal spécialisé en analyse et projection de sang
96%
Comment s'appellent ses beaux-enfants ? Astor et Cody
95%
Qui était Laura Moser La mère biologique de Dexter
95%
Comment Harry Morgan connaît il Laura Moser C'était son indicatrice dans l'une de ses affaires
93%
Qui est le criminel que chasse Dexter tout au long de la première saison ? Le tueur de glace
92%
Qui est-ce que le Tueur de la Trinité à tué ? Rita Bennett
92%
À quelle femme Dexter à montré son goût prononcé pour le meurtre ? Lumen Ann Pierce
90%
À quel homme Dexter à montré son goût prononcé pour le meurtre ? Miguel Prado
90%
Comment s'appelle la 9ème et dernière saison de Dexter Dexter : New Blood
88%
Debra Morgan est secrètement amoureuse de quelqu'un qui est-ce? Dexter
84%
Qui empoisonnait ses victimes grâce aux plantes Hannah Mckay
79%
Dans la saison 8 comment Dexter disparait-il ? Dans une tempête en bateau
78%
Aucun quiz correspondant
Distribution des résultats
% des personnes avec chaque résultat
Percentile par nombre de réponses
Votre historique - résultats
Vous n’avez pas pris ce quiz